Library Banner

The new English Bible readings for Holy Communion : (Record no. 126574)

MARC details
000 -LEADER
fixed length control field 00482nam a22001457a 4500
005 - DATE AND TIME OF LATEST TRANSACTION
control field 20220509084341.0
008 - FIXED-LENGTH DATA ELEMENTS--GENERAL INFORMATION
fixed length control field 220509b ||||| |||| 00| 0 eng d
040 ## - CATALOGING SOURCE
Transcribing agency PK-LaUMT
082 ## - DEWEY DECIMAL CLASSIFICATION NUMBER
Classification number 220
Item number NEW-
245 ## - TITLE STATEMENT
Title The new English Bible readings for Holy Communion :
Remainder of title the collects, Old Testament lessons, epistles, and gospels, authorized for use at Holy Communion /
260 ## - PUBLICATION, DISTRIBUTION, ETC. (IMPRINT)
Place of publication, distribution, etc Cambridge :
Name of publisher, distributor, etc Oxford University Press,
Date of publication, distribution, etc 1970
300 ## - PHYSICAL DESCRIPTION
Extent 269 p.
650 ## - SUBJECT ADDED ENTRY--TOPICAL TERM
Topical term or geographic name as entry element Bible
942 ## - ADDED ENTRY ELEMENTS (KOHA)
Koha item type Books
Holdings
Withdrawn status Lost status Damaged status Home library Current library Date acquired Full call number Barcode Date last seen Price effective from Koha item type
      UMT Main Campus UMT Main Campus 2022-05-09 220 NEW- 142857 2022-05-09 2022-05-09 Books